=LDR 00000nam 2200000 4500 =001 INLIS000000000006195 =005 20251105013802 =035 ##$$a 0010-1125000069 =007 ta =008 251105###########################0#ind## =082 ##$$a 363.96 =084 ##$$a 363.96 BAD p =245 1#$$a Petunjuk Operasional Liama Jurus Prioritas GKBN : $b - /$c Badan Koordinasi Keluarga Berencana Nasional =260 ##$$a Jakarta :$b Badan Koordinasi Keluarga Berencana Nasional =300 ##$$a 23 hal : $b - ; $c 21 cm =650 #4$$a Keluarga Berencana =110 #$$a Badan Koordinasi Keluarga Berencana Nasional =856 ##$$a Perpustakaan Kemendukbangga